| 000 | 00754nam a2200241Ia 4500 | ||
|---|---|---|---|
| 005 | 20250117103549.0 | ||
| 008 | 008 250103s9999 xx 000 0 eng d | ||
| 020 | _a9789814968713 | ||
| 037 | _aTextual | ||
| 040 |
_aCSL _beng _cCSL |
||
| 041 |
_aeng _2eng |
||
| 084 |
_aC0bB R4 _qCSL |
||
| 100 |
_aAliev, Farkhad G _9731691 |
||
| 245 | 0 |
_aMathematical methods for physics: Problems and solutions _cAliev, Farkhad G; Lara, Antonio |
|
| 260 |
_aSingapore _b Jenny Stanford Publishing _c2024 |
||
| 300 | _axiv, 523p. ill. | ||
| 650 |
_a Cylindrical coordinates _9733893 |
||
| 650 |
_a Polar coordinates _9733894 |
||
| 650 | _aPhysics | ||
| 700 |
_a Lara, Antonio _9731693 |
||
| 942 |
_cTEXL _hC0bB R4 |
||
| 999 |
_c1237742 _d1237742 |
||